000 00636nam a2200229 a 4500
001 BRL_218
005 20190320210636.0
008 191212s1977----mx-a######---#000-0#spa-#
041 _aspa
044 _amx
050 4 _aF1391.T455
_b.R83 1977
100 1 _aRubiell, Juan Manuel
_923262
245 1 0 _aTepeapulco
_bnotas históricas
_cJuan Manuel Rubiell.
260 _aMéxico
_bTradición
_c1977
300 _a45 p.
_bil.
_c19 cm.
500 _aAu259
504 _aBibliografía: p. 45
651 4 _aTepeapulco (Hidalgo)
_xHistoria
_923263
651 4 _aTepeapulco (Hidalgo)
_xAntigüedades
_923264
902 _aGRL
942 _2lcc
_cB
999 _c9031
_d9031